000 00401nam a2200169Ia 4500
008 090123s9999 xx 000 0 und d
082 _b6541
100 _aदामले आशा
245 _aभूमी
250 _a1
300 _a140
600 _aदामले आशा
630 _aभूमी
700 _aदामले आशा
730 _aभूमी
942 _cBOOK
999 _c44606
_d44606